书目信息 |
| 题名: |
人机工程学
|
|
| 作者: | 王龙 , 钟兰馨 主编 | |
| 分册: | ||
| 出版信息: | 长沙 湖南大学出版社 2011.01 |
|
| 页数: | 160页 | |
| 开本: | 29cm | |
| 丛书名: | “十二五”高等院校工业设计规划教材 | |
| 单 册: | ||
| 中图分类: | TB18 | |
| 科图分类: | ||
| 主题词: | 人-机系统--ren - ji xi tong--高等学校--教材 , 人--机系统 | |
| 电子资源: | ||
| ISBN: | 978-7-81113-715-6 | |
| 000 | 01112nam 2200301 450 | |
| 001 | 1158638986 | |
| 005 | 20111110161833.98 | |
| 010 | @a978-7-81113-715-6@dCNY39.80 (含光盘)@z7-81113-715-1 | |
| 016 | @aCN-S19-11-310-00 | |
| 100 | @a20110304d2011 em y0chiy50 ea | |
| 101 | 0 | @achi |
| 102 | @aCN@b430000 | |
| 105 | @aa a 000yy | |
| 200 | 1 | @a人机工程学@Aren ji gong cheng xue@d= Human engineering@f王龙, 钟兰馨主编@zeng |
| 210 | @a长沙@c湖南大学出版社@d2011.01 | |
| 215 | @a160页@c图 (部分彩图)@d29cm@e光盘1片 | |
| 225 | 2 | @a“十二五”高等院校工业设计规划教材@A“shi er wu”gao deng yuan xiao gong ye she ji gui hua jiao cai |
| 320 | @a有书目 (第158-159页) | |
| 330 | @a本书为理论阐述和设计应用两大部分, 主要阐述了人机工程学的概念、研究方法及人体各参数和运动系统。 | |
| 410 | 0 | @12001 @a“十二五”高等院校工业设计规划教材 |
| 510 | 1 | @aHuman engineering@zeng |
| 606 | 0 | @a人-机系统@Aren - ji xi tong@x高等学校@j教材 |
| 606 | 0 | @a人@x机系统 |
| 690 | @aTB18@v4 | |
| 701 | 0 | @a王龙@Awang long@4主编 |
| 701 | 0 | @a钟兰馨@Azhong lan xin@4主编 |
| 801 | 0 | @aCN@c20110304 |
| 905 | @dTB18@eW262 | |
| 人机工程学= Human engineering/王龙, 钟兰馨主编.-长沙:湖南大学出版社,2011.01 |
| 160页:图 (部分彩图);29cm+光盘1片.-(“十二五”高等院校工业设计规划教材) |
| ISBN 978-7-81113-715-6:CNY39.80 (含光盘) |
| 本书为理论阐述和设计应用两大部分, 主要阐述了人机工程学的概念、研究方法及人体各参数和运动系统。 |
| ● |
| 相关链接 |
|
|
|
正题名:人机工程学
索取号:TB18/W262
 
预约/预借
| 序号 | 登录号 | 条形码 | 馆藏地/架位号 | 状态 | 备注 |
| 1 | 1220847 | 212208476 | 自科库501/501自科库 4排4列1层/ [索取号:TB18/W262] | 在馆 | |
| 2 | 1220848 | 212208485 | 自科库501/501自科库 4排4列1层/ [索取号:TB18/W262] | 在馆 | |
| 3 | 1220849 | 212208494 | 自科库501/501自科库 4排4列1层/ [索取号:TB18/W262] | 在馆 |